| 000 | 00535nam a2200205Ia 4500 | ||
|---|---|---|---|
| 003 | OSt | ||
| 005 | 20230505114429.0 | ||
| 008 | 210423s2010 xx 000 0 und d | ||
| 020 | _a9780852264966 | ||
| 040 | _cAL | ||
| 041 | _aeng | ||
| 082 |
_a539.77 KAPS _223 |
||
| 100 |
_aKAPOOR (S S);RAMAMURTHY(V S). _998664 |
||
| 245 | _aNuclear tadiation detectors. | ||
| 260 |
_aNew Delhi _bNew Age International _c2010 |
||
| 300 |
_avii,236 _bPB |
||
| 365 |
_b350 _cINR |
||
| 906 | _adetectors. ; Nuclear ; tadiation | ||
| 942 |
_2ddc _cBK |
||
| 999 |
_c162372 _d162372 |
||